| 000 | 00455nam a2200193Ia 4500 | ||
|---|---|---|---|
| 008 | 240510s9999 xx 000 0 und d | ||
| 020 | _a0000827304153 | ||
| 041 | _aEng | ||
| 082 | _a005.133 | ||
| 082 | _bM16 | ||
| 100 | _aMARXER, Ellen : HARTFORD, Donald | ||
| 245 | 0 | _aComputer programming with Cobol | |
| 260 | _bNew York : Delmar | ||
| 260 | _c1974 | ||
| 300 | _a216 p. | ||
| 650 | _aProgramming languages | ||
| 942 | _2ddc | ||
| 942 | _cLBK | ||
| 999 |
_c26078 _d26078 |
||
| 945 |
_a1 _bMadushi Gamage _c1 _dMadushi Gamage |
||